00862nam a22001937a 4500003000400000008004100004020001800045082001900063245015400082260006800236300001500304650008800319700002100407700002100428700001800449942001200467999001700479952017200496OSt260624b |||||||| |||| 00| 0 eng d a9789390425037 a630.2084bK96A aAdvanced Technological Interventions in Agriculture and Allied Sectors for Livelihood Improvement/ edited by Pankaj Kumar, Santosh Kumar, Abhay Kumar aNew Delhi: bInternational Books & Periodicals Supply Service,  axi, 324 p. aAgriculture and Related Technologies | Technology (Applied Sciences) | Agriculture  a Kumar, Pankaj  aKumar, Santosh  aKumar, Abhay  2ddccBK c52275d52275 00102ddc4070aRAUbRAUcGENd2026-06-24eToday & Tomorrow Printers and Publishers g3450.00l0o630.2084 K96Ap87111r2026-06-24w2026-01-29yBKkBill No. IN-00449